000 01671nam a2200397 c 4500
999 _c167804
_d167804
003 BLK
005 20220211142305.0
008 180411b bul|||||r ||||||| ||bul||
010 _aKNG00175646000
040 _aBLK
041 _aBUL
_cBUL
072 7 _2bullib
_aК
_xКраезнание
080 _aТеатър. Сценично изкуство. Вж 725.82; 782; 82-2
_b792
_x(092)
_z792(092)
080 _aБиографии
_b929
_z929
100 1 _aДенизов, Борис
_eпърви автор
_9382427
139 _aДенизов, Борис и др.
_bД 43
245 1 0 _aБългарска театрална анталогия "Маска"
_cБорис Денизов; съавт. Никола Петков Икономов; * Борис Денизов Филатов.
257 _aBGR
260 _c1925
_fСофия : печ. Право
300 _a152 с.
_bс ил.
_c22 см
380 _a7
500 _aНа корицата "Българска театрална антология "Маска". - Пълното име на първия авт. Борис Денизов Филатов
650 4 _aТеатър - България - история
_9260534
651 4 _aБългария
_9241624
653 _aтеатър
653 _aистория
653 _aактьори
659 _aК
700 1 _aИкономов, Никола Петков
_eсъавт.
_9337642
700 1 _aФилатов, Борис Денизов
_e*
_9337643
852 _aЦб 7.205.15148
852 _aК 792/Д 43 Бб
856 4 _qpdf
856 4 _qpdf
942 _cKNG
_n0
_s1
944 _aCR
_c21.05.2015
_kВалентина_Караджова
944 _aED
_c10.08.2015
_kВаля_Йорданова
999 _d167804